Practice Guidelines for Acute Care nurse Practitioners/ (Record no. 10923)
[ view plain ]
| 000 -LEADER | |
|---|---|
| fixed length control field | 00600nam a22001817a 4500 |
| 008 - FIXED-LENGTH DATA ELEMENTS--GENERAL INFORMATION | |
| fixed length control field | 090222t xxu||||| |||| 00| 0 eng d |
| 020 ## - INTERNATIONAL STANDARD BOOK NUMBER | |
| International Standard Book Number | 9781416003038 |
| 082 ## - DEWEY DECIMAL CLASSIFICATION NUMBER | |
| Edition number | 22 |
| Classification number | 610.7361 |
| Item number | BAR NR |
| 245 ## - TITLE STATEMENT | |
| Title | Practice Guidelines for Acute Care nurse Practitioners/ |
| Statement of responsibility, etc | Thomas W.Barkley & Charlene M. NMyers |
| 250 ## - EDITION STATEMENT | |
| Edition statement | 2nd ed. |
| 260 ## - PUBLICATION, DISTRIBUTION, ETC. (IMPRINT) | |
| Place of publication, distribution, etc | Philadelphia ; London : |
| Name of publisher, distributor, etc | W.B. Saunders, |
| Date of publication, distribution, etc | 2008 |
| 300 ## - PHYSICAL DESCRIPTION | |
| Extent | 1000p.; |
| Dimensions | 16 cm. |
| 650 ## - SUBJECT ADDED ENTRY--TOPICAL TERM | |
| 9 (RLIN) | 2173 |
| Topical term or geographic name as entry element | Emergency nursing |
| 650 ## - SUBJECT ADDED ENTRY--TOPICAL TERM | |
| 9 (RLIN) | 2175 |
| Topical term or geographic name as entry element | Nurse practitioners |
| 650 ## - SUBJECT ADDED ENTRY--TOPICAL TERM | |
| 9 (RLIN) | 2174 |
| Topical term or geographic name as entry element | Intensive care nursing |
| 700 ## - ADDED ENTRY--PERSONAL NAME | |
| 9 (RLIN) | 2176 |
| Personal name | Myers, Charlene M. |
| 942 ## - ADDED ENTRY ELEMENTS (KOHA) | |
| Source of classification or shelving scheme | Dewey Decimal Classification |
| Item type | Book - Borrowing |
| Withdrawn status | Item status | Source of classification or shelving scheme | Damaged status | Not for loan | Vendor | Home library | Current library | Shelving location | Date acquired | Source of acquisition | Cost, normal purchase price | Serial Enumeration / chronology | Total Checkouts | Total Renewals | Full call number | Barcode | Date last seen | Date last borrowed | Koha item type |
|---|---|---|---|---|---|---|---|---|---|---|---|---|---|---|---|---|---|---|---|
| Dewey Decimal Classification | Osiris | Central Library | Central Library | First floor | 22/02/2009 | 431.00 | 9130 | 2 | 3 | 610.7361 BAR NR | 000014936 | 01/12/2025 | 23/11/2011 | Book - Borrowing |